1392 1752 1878 1182 1294 1128 1844 1984 1317 1202 1813 1453 1109 1983 1684 1269 1903 1480 1788 1997 1286 1034 1367 1402 1838 1722 1978 1302 1566 1057 1729 1326 1347 1410 1469 1217 1531 1887 1270 1583 1894 1759 1479 1959 1346 1295 1342 1705 1428 1826 1522 1653 1295 1952 1828 1673 1839 1594 1494 1363 1569 1914 1280 1602 1734 1605 1470 1309 1798 1331 1795 1347 1436 1952 1493 1770 1974 1973 1302 1962 1001 1292 1825 1237 1863 1248 1573 1291 1536 1940 1557 1091 1393 1784 1639 1732 1312 1111 1626 BCNSPRNW ULIB Ver.6.0+V

เปลี่ยนเป็นภาษาไทย

Change to English
 แสดงรายละเอียดบรรณานุกรม
  กลับหน้าหลัก

Brief Record : Get Marc (ISO 2709) : E-mail record : QR code < ปิดหน้าต่าง
LEADER : 00000nam 2200000uu 4500
001    13399111973
003     ULIB
008    110713s2553||||th 000 0 tha d
020    ^a9789749803769 (ล.2)
060 04 WY105^bส627ป ล.2
110 1  มหาวิทยาลัยสุโขทัยธรรมาธิราช^bสาขาวิชาพยาบาลศาสตร์.
245 0  ^aประมวลสาระชุดวิชาประเด็นและแนวโน้มทางการบริหารการพยาบาล หน่วยที่ 6-10= ^bIssues and trends in nursing management / ^cสาขาวิชาพยาบาลศาสตร์ มหาวิทยาลัยสุโขทัยธรรมาธิราช.
246 31 ^aชุดวิชาประเด็นและแนวโน้มทางการบริหารการพยาบาล
246 31 ^aประเด็นและแนวโน้มทางการบริหารการพยาบาล
246 31 ^aIssues and trends in nursing management
250    ^aพิมพ์ครั้งที่ 2.
260    ^aนนทบุรี : ^bสำนักพิมพ์ มหาวิทยาลัยสุโขทัยธรรมาธิราช, ^c2553.
300    ^a3 เล่ม : ^bภาพประกอบ, แผนภูมิ ; ^c26 ซม.
650  7 การบริหารการพยาบาล
945    ^p0^l0^i18411
995    กัณชพร
999    ^aใช้งานได้ทุกระบบ
รายการนี้ยังไม่มีแท็ก
คุณยังไม่ได้ล็อกอิน คุณสามารถมีกิจกรรมร่วมกับเว็บไซต์ได้ แต่ต้องล็อกอินก่อน ::
  ล็อกอิน

รายการสื่อสารสนเทศ

ลำดับที่ ประเภท เลขเรียก/บาร์โค้ด สถานที่ สถานะ
1. วิทยาศาสตร์การแพทย์ และสุขภาพ
วิทยาศาสตร์การแพทย์ และสุขภาพ
WY105 ส627ป ล.2  
  Barcode: 18411
ห้องสมุดวิทยาเขตนครสวรรค์
►ส่วนจัดเก็บหนังสือเก่า นว.
บนชั้น
  ขอยืม

รายการใกล้เคียง
    หัวเรื่อง [การบริหารการพยาบาล]

BibComment


ยังไม่เคยถูกคอมเมนท์

คอมเมนท์ทรัพยากรรายการนี้
  คอมเมนท์: ประมวลสาระชุดวิช..


 Copyright 2026. Bcnsprnw @Library